000 00564nam a2200181Ia 4500
003 GCL
008 140319s9999 xx 000 0 ara d
040 _aGCL /
_cGCL
082 0 4 _a029.75
_bع ا
100 1 _aعلى السليمان الصونيع
245 1 0 _aاسترجاع المعلومات فى اللغة العربية /
_cعلى السليمان الصونيع
300 _a176 ص
490 _aكتاب
_v0
650 0 4 _aنظم المعلومات
650 0 4 _aالمعلومات نظم
650 0 4 _aالمعلومات، علم
942 _2ddc
_cBK
999 _c42070
_d42070